000 00496nam a2200169Ia 4500
999 _c33140
_d33140
003 OSt
005 20200918143858.0
008 190216s9999||||xx |||||||||||||| ||und||
040 _coclc
082 _a530
_bKAM/S
100 _aKamal, Ahmed Anwar
_94758
245 0 _aSolutions To Halliday And Resnick Physics /
_cAhmed Anwar Kamal
260 _bWiley Eastern Ltd,
_c1988.
_aNew Delhi:
300 _a398p
650 _aPhysics
942 _cBK
_2ddc
_h530
_iKAM/S
_k530
_mKAM/S